| 000 | 00488pab a2200181 454500 | ||
|---|---|---|---|
| 008 | 180718b2014 xxu||||| |||| 00| 0 eng d | ||
| 100 | _aDhak, Biplab | ||
| 245 | _aFood security act, 2013 : Opportunities and challenges for the backward states in India | ||
| 260 | _c2014 | ||
| 300 | _ap.15-30. | ||
| 362 | _aJun | ||
| 650 | _aFood supply - India | ||
| 650 | _aBackward areas - India | ||
| 650 | _aFood supply | ||
| 773 | _aMan and Development | ||
| 908 | _aN | ||
| 909 | _a105184 | ||
| 999 |
_c105179 _d105179 |
||